• 首页
  • 本馆介绍
  • 公告通知
  • 最新文献
  • 馆藏检索
  • 电子资源
  • 读者导购
  • 参考咨询
  • 我的图书馆
  • 登录
  • 详细信息显示
  • 放入我的书架
  • 预约/预借图书
  • 作者相关作品
  • 分类相关作品
  • 丛书相关作品
  • 出版社相关作品

书目信息

  • 表格格式
  • 工作单格式
  • 卡片格式
书名: Egan’s fundamentals of respiratory care
作者:
分册号:
分册名:
出版地: St. Louis :
 
出版社: Mosby
出版时间: c1999.
页数: xxiv, 1238 p. :
开本: 29 cm.
丛书名:
中图分类号:
科图分类号:
其他分类号: R56
主题词:
电子资源:
000 01259pam a2200349 a 450
001 E0730585516
005 20070315083242.93
008 980403s1999 moua b 001 0 eng c
010    @a98004101
020    @a0815127987.
035    @A(DLC) 98004101
040    @aDNLM/DLC@cDLC@dDLC
050 00 @aRM161@b.E37 1999
060 10 @aWB 342 E278 1999
082 00 @a615.8/36@2 21
090    @aR56
099    @dR56@ex10=7
245 00 @aEgan’s fundamentals of respiratory care.
246 30 @aFundamentals of respiratory care
250    @a7th ed. / :@b[edited by] Craig L. Scanlan, Robert L. Wilkins, James K. Stoller.
260    @aSt. Louis :@bMosby,@cc1999.
300    @axxiv, 1238 p. :@bill. ;@c29 cm.
504    @aIncludes bibliographical references and index.
650 12 @aRespiratory Therapy.
650  0 @aRespiratory therapy.
700 1  @aEgan, Donald F.,@d1916-
700 1  @aScanlan, Craig L.,@d1947-
700 1  @aWilkins, Robert L.
700 1  @aStoller, James K.
906    @a7@bcbc@corignew@d1@eocip@f19@gy-gencatlg
955    @apc14 to nlm 04-06-98; yk05 to ASCD 04-08-98; jc02 to technician 04-09-98; jc03 04-13-98; lb11 03-11-99; CIP ver. pv08 03-31-99
991    @bc-GenColl@hRM161@i.E37 1999@p00060267984@tCopy 1@wBOOKS
    
    Egan’s fundamentals of respiratory care.-7th ed. / : : [edited by] Craig L. Scanlan, Robert L. Wilkins, James K. Stoller.-St. Louis : : Mosby, , c1999.
    xxiv, 1238 p. : : ill. ; ; 29 cm.
    Includes bibliographical references and index.
    
    ISBN 0815127987.
    
●
相关链接 在E读中查询图书 在五车中查询图书 在当当中查询图书 在豆瓣中查询图书


正题名:Egan's fundamentals of respiratory care     索取号:R56/x10=7         预约/预借

序号 登录号 条形码 馆藏地/架位号 状态 备注
1 0001665   300016658   第二样本阅览室/ [索取号:R56/x10=7] 在馆    
唐山师范学院图书馆 欢迎您!
大连网信软件有限公司© 版权所有